| 000 -LEADER |
| fixed length control field |
00958nam a22002057a 4500 |
| 005 - DATE AND TIME OF LATEST TRANSACTION |
| control field |
20221130093508.0 |
| 008 - FIXED-LENGTH DATA ELEMENTS--GENERAL INFORMATION |
| fixed length control field |
221130b ||||| |||| 00| 0 eng d |
| 020 ## - INTERNATIONAL STANDARD BOOK NUMBER |
| International Standard Book Number |
9781382005319 |
| 040 ## - CATALOGING SOURCE |
| Transcribing agency |
KH8 |
| 082 ## - DEWEY DECIMAL CLASSIFICATION NUMBER |
| Classification number |
540 LIS |
| 100 ## - MAIN ENTRY--PERSONAL NAME |
| Personal name |
Lister Ted |
| Relator term |
author |
| 245 ## - TITLE STATEMENT |
| Title |
Cambridge International AS & A level complete chemistry/ |
| Statement of responsibility, etc. |
Ted Lister, Janet Renshaw |
| 250 ## - EDITION STATEMENT |
| Edition statement |
3rd. ed. |
| 260 ## - PUBLICATION, DISTRIBUTION, ETC. |
| Place of publication, distribution, etc. |
Oxford: |
| Name of publisher, distributor, etc. |
Oxford University Press, |
| Date of publication, distribution, etc. |
2020. |
| 300 ## - PHYSICAL DESCRIPTION |
| Extent |
466 p. ; |
| Other physical details |
col. ill. ; tab. : |
| Dimensions |
28 cm. |
| 500 ## - GENERAL NOTE |
| General note |
Ensure students achieve top exam marks, and can confidently progress, with a stretching yet accessible approach from Cambridge examiners. With full syllabus match, extensive practice and exam guidance this new edition embeds an advanced understanding of scientific concepts and develops advanced scientific skills for strong assessment potential. |
| 650 ## - SUBJECT ADDED ENTRY--TOPICAL TERM |
| Topical term or geographic name entry element |
Chemistry Examinations Study guides |
| 700 ## - ADDED ENTRY--PERSONAL NAME |
| Personal name |
Renshaw, Janet |
| Relator term |
author |
| 942 ## - ADDED ENTRY ELEMENTS (KOHA) |
| Source of classification or shelving scheme |
|
| Koha item type |
Teaching Resources |